000 01493cam a2200361 a 4500
999 _c1831
_d1831
001 1831
003 BD-JhCC
005 20171024211203.0
008 930617s1994 nyua b 001 0 eng
020 _a0070071888
035 _a(BD-JhCC)1831
040 _aDLC
_cDLC
_dDLC
_dLC
041 _aeng
050 1 4 _aDS63.2.U5
_bB73 1994
050 1 4 _aDS63.2
_b.U5 B73 1994
082 0 0 _a327.73056
_220
_bBRA 1994
100 1 _aBrands, H. W.
245 1 0 _aInto the labyrinth :
_bthe United States and the Middle East, 1945-1993 /
_cH.W. Brands.
260 _aNew York :
_bMcGraw Hill,
_cc1994.
300 _axviii, 234 p. :
_bill. ;
_c21 cm.
440 0 _aAmerica in crisis
504 _aIncludes bibliographical references and index.
505 0 0 _aMachine derived contents note: CHAPTER 1: Into the Labyrinth: 1945-1948 -- CHAPTER 2: With Friends like These: 1948-1955 -- CHAPTER 3: Deeper and Deeper: 1957-1966 -- CHAPTER 4: More War: 1966-1973 -- CHAPTER 5: Over a Barrel: 1973-1980 -- CHAPTER 6: Full Immersion 1980-1992.
651 0 _aMiddle East
_xForeign relations
_zUnited States.
651 0 _aUnited States
_xForeign relations
_zMiddle East.
653 0 _aForeign relations
_aHistory
653 0 _aUnited States
653 0 _aMiddle East
856 4 1 _3Table of contents
_uhttp://www.loc.gov/catdir/toc/mh022/93028110.html
856 4 2 _3Publisher description
_uhttp://www.loc.gov/catdir/description/mh022/93028110.html
942 _2ddc
_cBK